00727nam a2200157Ia 4500008004100000100002300041245008300064245018000147260005300327260001300380300000800393650001500401856006100416999001900477952007300496170221s9999 xx 000 0 und d aMarina V. Morozova 4aThe Management of Youth Employment in a Lifelong Engineering Education System  cMarina V. Morozova, Tatyana S. Kust, Elvira Y. Sokolova, Svetlana I. Osipova, Natalya Vladimirovna Gafurova, Valentina I. Vaganova, Vladimir A. Ovchinnikov, Ruben O. Agavelyan bInternational Review of Management and Marketing cMay 2012 a1:2 xMarketing. uhttp://www.econjournals.com/index.php/irmm/issue/view/71 c310461d310461 001040aCLbCLd2017-02-21l0r2017-02-21 00:00:00w2017-02-21yFOJ